000 00600nam a22002177a 4500
005 20250117065814.0
008 250117b |||||||| |||| 00| 0 eng d
020 _a978-1-4050-4842-2
082 _aFic. J28 2006
100 _aJames, Peter
245 _aLooking good dead /
_cPeter James
260 _aLondon:
_bMacmillan,
_cc2006
300 _a406p.
490 _aRoy Grace series;
_vno. 2
541 _e7713
650 _aAdultery - Fiction
650 _aMystery fiction
650 _aGrace, Roy (Fictitious character) - Fiction
650 _aHusbands - Fiction
650 _aWives - Fiction
999 _c2362
_d2362